000 01125cam a22002894i 4500
999 _c47070
_d47070
001 20719
003 CO-MdFUSB
005 20230331062544.0
008 180223t2011 enkao||g |||| 00| 0 eng d
020 _a978-0-281-05564-7
040 _aCO-MdFUSB
_bspa
_cCO-MdFUSB
_dCO-MdFUSB
_erda
041 _aeng
082 _224
_aG 170
_bJ12e
100 1 _aJackson, Peter
_eautor
245 0 0 _aEthics for GCSE
_c/ Peter Jackson
264 1 _aLondon :
_bSPCK ;
_c℗2011
264 4 _c©2011
300 _a143 páginas
_b:
_c28 cm.
336 _2rdacontent
_atexto
_btxt
337 _2rdamedia
_asin mediación
_bn
338 _2rdacarrier
_avolumen
_bnc
505 _aLas actitudes hacia los animales -- La concepción asistida -- Aborto y anticoncepción -- Matrimonio y sexualidad -- Prejuicios y discriminación -- Guerra y paz -- Riqueza y pobreza -- Crimen y castigo -- El medio ambiente -- Suicidio y eutanasia -- Religión y los medios de comunicación -- ¿Cómo tomamos decisiones acerca de cuestiones morales?
563 _aRústico
650 7 _aÉtica cristiana
_2
_9185
942 _cBK